| 000 | 00540nam a22001577a 4500 | ||
|---|---|---|---|
| 020 | _qHard Cover. | ||
| 082 | _a004 | ||
| 100 | _aSeerat, Bakhtawar | ||
| 245 |
_aRule Induction using Enhanced RIPPER Algorithm for Clinical Decision Support System / _cBakhtawar Seerat. |
||
| 260 |
_aIslamabad : _bCEME - NUST, _c2015. |
||
| 300 |
_axiv, 80 p. : ill. ; _c30cm. |
||
| 650 |
_aComputer Software Engineering-MS-Thesis _916105 |
||
| 700 |
_aDr. Usman Qamar. _918579 |
||
| 942 |
_2ddc _cTHE |
||
| 999 |
_c540655 _d540655 |
||